000 00271nam a2200121Ia 4500
008 241002s9999 xx 000 0 und d
082 _a808.3 SAR
100 _aSartre, Jean Paul
245 0 _aIntimacy
260 _aNew York:
_c1960
600 _aLiterature
942 _cUC
999 _c18781
_d18781